| 000 | 00522nam a2200205Ia 4500 | ||
|---|---|---|---|
| 003 | GCL | ||
| 008 | 140319s9999 xx 000 0 eng d | ||
| 040 |
_aGCL / _cGCL |
||
| 082 | 0 | 4 |
_a746.94 _bT C |
| 100 | 1 | _aBARNES, CHRISTINE | |
| 245 | 1 | 0 |
_aCURTAINS, DRAPERIES & SHADES / _cBARNES, CHRISTINE |
| 700 | 1 | _aTAPSCOTT, DIANE P. | |
| 700 | 1 | _aWARTON, SUSAN | |
| 260 |
_a[S.N] : _bLANE PUBLISHING CO. ، _c1970 |
||
| 300 | _a104 P | ||
| 650 | 0 | 4 | _aCURTAINS |
| 650 | 0 | 4 | _aDRAPERIES |
| 650 | 0 | 4 | _aSHADES |
| 942 |
_2ddc _cBK |
||
| 999 |
_c22214 _d22214 |
||